1256 1740 1292 1525 1183 1828 1073 1773 1453 1148 1542 1862 1547 1665 1598 1402 1899 1314 1073 1799 1919 1404 1428 1928 1713 1626 1791 1490 1364 1562 1904 1817 1106 1993 1971 1438 1418 1881 1018 1727 1884 1988 1841 1012 1632 1166 1539 1338 1114 1826 1121 1973 1105 1385 1662 1857 1464 1219 1320 1508 1808 1488 1658 1993 1155 1856 1082 1816 1683 1312 1312 1890 1012 1080 1341 1285 1263 1495 1599 1693 1305 1030 1377 1575 1047 1404 1055 1135 1402 1402 1804 1892 1460 1988 1873 1813 1228 1565 1690 BCNSPRNW ULIB Ver.6.0+V

เปลี่ยนเป็นภาษาไทย

Change to English
 แสดงรายละเอียดบรรณานุกรม
  กลับหน้าหลัก

Brief Record : Get Marc (ISO 2709) : E-mail record : QR code < ปิดหน้าต่าง
LEADER : 00000nam 2200000uu 4500
001    13399121359
003     ULIB
008    020711s2549 th a 000 0 tha d
099    วจ.WB537^bพ172ก
100    พจนา ปิยะปกรณ์ชัย
245    การสังเคราะห์และประยุกต์องค์ความรู้ภูมิปัญญาพื้นบ้าน : การนวดตนเองด้วยกะลาในผู้สูงอายุ /^cพจนา ปิยะปกรณ์ชัย,วิสุทธิ์ โนจิตต์,ดวงใจ เกริกชัยวัน
260    ชัยนาท :^bวิทยาลัยพยาบาลบรมราชชนนี ชัยนาท,^c2549
300    134 หน้า
650    ภูมิปัญญา^xการนวด
650    การนวดด้วยตนเอง^xผู้สูงอายุ
700    วิสุทธิ์ โนจิตต์
700    ดวงใจ เกริกชัยวัน
945    ^p0^l0^i033093
999    ^aศิริพร
รายการนี้ยังไม่มีแท็ก
คุณยังไม่ได้ล็อกอิน คุณสามารถมีกิจกรรมร่วมกับเว็บไซต์ได้ แต่ต้องล็อกอินก่อน ::
  ล็อกอิน

รายการสื่อสารสนเทศ

ลำดับที่ ประเภท เลขเรียก/บาร์โค้ด สถานที่ สถานะ
1. งานวิจัย
งานวิจัย
วจ.WB537 พ172ก  
  Barcode: 033093
ห้องสมุดวิทยาเขตสวรรค์ประชารักษ์
►วิจัย
บนชั้น

รายการใกล้เคียง
    ผู้แต่ง [พจนา ปิยะปกรณ์ชัย]

BibComment


ยังไม่เคยถูกคอมเมนท์

คอมเมนท์ทรัพยากรรายการนี้
  คอมเมนท์: การสังเคราะห์และป..


 Copyright 2026. Bcnsprnw @Library